000
00318nam a2200133Ia 4500
008
151001s9999||||xx |||||||||||||| ||und||
100
_a
कुश्नचंदर
245
_a
हमराही
250
_a
1
260
_b
हिंद एजन्सी
260
_c
1981
300
_a
144
365
_b
16
999
_c
961338
_d
961335